| 000 | 00364nam a22001577a 4500 | ||
|---|---|---|---|
| 003 | SGT | ||
| 020 | _a9781107648647 | ||
| 082 |
_a612.0076 _bF11S |
||
| 100 | _aSHAW, AIDAN | ||
| 245 | _aFRCR PART-1 ANATOMY MOCK EXAMINATIONS | ||
| 250 | _a1ST | ||
| 260 |
_aNEW YORK _bCAMBRIDGE UNIVERSITY _c2011 |
||
| 300 | _a228 | ||
| 650 | _aHUMAN ANATOMY | ||
| 942 |
_2ddc _cBK |
||
| 999 |
_c21990 _d21990 |
||